01503 a2200193 45000010006000000050017000060080041000230030015000640400040000790800095001192450041002140200018002552640038002733000019003115050840003300410008011701000032011788560099012104948220260407155758.0260407a1998 arg spa dAR-UNSa-BCEJYS aAR-UNSa-BCEJYSbspacAR-UNSa-BCEJYS a330.8xHistoria de las teorías, Doctrinas, Dogmas económicos (pensamiento económico)10aHistoria del pensamiento económico a950-534-539-9 1aBuenos Aires :bA-Z Editorac1998 a411 p.c23 cm. a1. Viajemos por la historia de una ciencia - 2. Primer rodeo a Jericó - 3. Doctrinas económicas de la antigüedad - 4. Babilonia y Judea - 5. Grecia - 6. Roma - 7. Edad Media - 8. Consideraciones generales sobre el mercantilismo - 9. Thomas Mun - 10. Philipp Wilhelm von Hörnigk - 11. William Petty - 12. Richard Cantillon - 13. David Hume - 14. François Quesnay - 15. Jacques Turgot - 16. consideraciones generales sobre la economía clásica - 17. Adam Smith - 18. Thomas Robert Malthus - 19. Henry Thornton - 20. David Ricardo - 21. Henri de Saint - Simon - 22. Karl Marx - 23. Consideraciones generales sobre la economía neoclásica - 24. Antoine Augustin Cournot - 25. Johann Heinrich von Thünen - 26. Jules Dupuit - 27. Hermann Heinrich Gossen - 28. William Stanley Jevons - 29. Carl Menger - 30. León Walras -  aspa1 aFernández López, Manuel41uhttps://www.biblioeco.unsa.edu.ar/pmb/images/libros/L128111.jpgyImagen de portadaqimage/jpeg